000 00399cam a2200169ua 4500
003 OSt
005 20260221113205.0
008 260221b |||||||| |||| 00| 0 eng d
041 _aeng
082 _a691.99
_bPIN/WO
100 _aPinto, Edward.H .
_97884
245 _aWood adhesives /
250 _a1 /
260 _aLondon :
_bE & F.N Spon limited ,
_c1955.
300 _a180 ; .
942 _cBK
999 _c2519
_d2519